Normal view
MARC view
Entry Personal Name
001 - CONTROL NUMBER
- control field: 23508
003 - CONTROL NUMBER IDENTIFIER
- control field: ARRUPE
005 - DATE AND TIME OF LATEST TRANSACTION
- control field: 20160404114547.0
008 - FIXED-LENGTH DATA ELEMENTS
- fixed length control field: 160404|| aca||aabn | a|a d
040 ## - CATALOGING SOURCE
- Original cataloging agency: ARRUPE
- Transcribing agency: ARRUPE
100 ## - HEADING--PERSONAL NAME
- Personal name: Belyaeva, E.
- Relator term: jt. at.
670 ## - SOURCE DATA FOUND
- Source citation: Work cat.: (ARRUPE): Afanasyeva, L. 23506, Russian composers , no date